[Event "Sant Boi de Llobregat op 20th"]
[Site "Sant Boi de Llobregat"]
[Date "2008.04.25"]
[Round "1.5"]
[White "Moreno Alvarez, Sebastian"]
[Black "Chalmeta Ugas, Ramon"]
[Result "0-1"]
[WhiteElo "1840"]
[BlackElo "2151"]
[PlyCount "54"]
[EventDate "2008.04.25"]
[EventType "swiss"]
[EventRounds "8"]
[EventCountry "ESP"]
[SourceTitle "EXT 2024"]
[Source "ChessBase"]
[SourceDate "2023.10.10"]
[SourceVersion "1"]
[SourceVersionDate "2023.10.10"]
[SourceQuality "1"]

1. f4 d5 2. Nf3 c5 3. g3 Nc6 4. c3 Nf6 5. d3 g6 6. Bg2 Bg7 7. 0-0 0-0 8. Nbd2 d4 9. cxd4 cxd4 10. Nc4 Nd5 11. Qb3 Nb6 12. Nxb6 Qxb6 13. Qa3 Nb4 14. Rb1 Be6 15. b3 Rac8 16. Rf2 Rc2 17. Bd2 a5 18. Ra1 Bd5 19. Ne5 Bxe5 20. Bxd5 Rxd2 21. Bc4 Bg7 22. Qa4 Nc2 23. Rc1 Ne3 24. Qd7 Nxc4 25. Rxc4 Qe6 26. Qxb7 Rxe2 27. Rf3 Qh3 0-1